Life in capitalist America : Private profit and social decay
Wedi'i Gadw mewn:
| Fformat: | Llyfr |
|---|---|
| Iaith: | Undetermined |
| Cyhoeddwyd: |
New York
Pathfinder Press
1975
|
| Pynciau: | |
| Tagiau: |
Ychwanegu Tag
Dim Tagiau, Byddwch y cyntaf i dagio'r cofnod hwn!
|
| Thư viện lưu trữ: | Trung tâm Học liệu Trường Đại học Cần Thơ |
|---|
| LEADER | 00507nam a2200181Ia 4500 | ||
|---|---|---|---|
| 001 | CTU_82156 | ||
| 008 | 210402s9999 xx 000 0 und d | ||
| 082 | |a 309.1 | ||
| 082 | |b L722 | ||
| 245 | 0 | |a Life in capitalist America : | |
| 245 | 0 | |b Private profit and social decay | |
| 245 | 0 | |c Stephanie Coontz ... [et al.] | |
| 260 | |a New York | ||
| 260 | |b Pathfinder Press | ||
| 260 | |c 1975 | ||
| 650 | |a Social problems | ||
| 904 | |i Trọng Hải | ||
| 980 | |a Trung tâm Học liệu Trường Đại học Cần Thơ | ||